000 00479nam a2200169Ia 4500
999 _c1569
_d1569
003 OSt
005 20200924104315.0
008 190216s9999||||xx |||||||||||||| ||und||
040 _coclc
082 _a581.134028
_bANN/D
100 _aRagland, Annie
_94791
245 0 _aDevelopmental Botany /
_cAnnie
260 _bSaras Publications,
_aKanyakumari:
_c2000.
300 _a113p
650 _aBotany
942 _cBK
_2ddc
_h581.134028
_iANN/D
_k581.134028
_mANN/D